[Event "Rated Blitz game"]
[Site "?"]
[Date "2021.01.30"]
[Round "?"]
[White "lareinedesneiges"]
[Black "Fantastic_power06"]
[Result "1-0"]
[WhiteElo "2492"]
[BlackElo "2598"]
[PlyCount "103"]
[EventDate "2021.??.??"]
[EventType "blitz"]

1. e4 e5 2. Nf3 d5 3. d4 dxe4 4. Nxe5 Bd6 5. Qh5 Be6 6. Nc3 Nf6 7. Qg5 O-O 8.
Be3 Bb4 9. Be2 Nd5 10. Qxd8 Rxd8 11. Bd2 f6 12. Nc4 Nc6 13. Nxd5 Bxd2+ 14. Nxd2
Bxd5 15. c3 f5 16. f3 e3 17. Nc4 f4 18. g3 g5 19. gxf4 gxf4 20. Rg1+ Kh8 21.
Rg4 Rg8 22. h3 h5 23. Rxg8+ Rxg8 24. O-O-O Rg2 25. Bd3 Bxf3 26. Rf1 e2 27. Re1
h4 28. d5 Ne7 29. Ne5 Bh5 30. Be4 Rf2 31. Kd2 f3 32. Ke3 Rf1 33. Nd3 f2 34.
Rxe2 Bxe2 35. Kxe2 Rg1 36. Kxf2 Rg7 37. Ke3 Ng8 38. Kd4 Re7 39. c4 Re8 40. c5
Rd8 41. Bf5 b5 42. Ke5 Kg7 43. d6 Re8+ 44. Kd5 cxd6 45. cxd6 Rf8 46. Be6 Nf6+
47. Kc6 Re8 48. Bf5 Re3 49. Nc5 Re1 50. d7 Rd1 51. Ne6+ Kh6 52. d8=Q {Time
forfeit} 1-0

[Event "Rated Blitz game"]
[Site "?"]
[Date "2021.01.30"]
[Round "?"]
[White "The3Streets"]
[Black "Fantastic_power06"]
[Result "0-1"]
[WhiteElo "2397"]
[BlackElo "2581"]
[PlyCount "52"]
[EventDate "2021.??.??"]
[EventType "blitz"]

1. e4 e5 2. Nf3 d5 3. d3 dxe4 4. dxe4 Qxd1+ 5. Kxd1 Bg4 6. c3 f5 7. h3 Bh5 8.
exf5 e4 9. g4 exf3 10. gxh5 Nc6 11. Nd2 O-O-O 12. Kc2 Nf6 13. Nxf3 Bc5 14. Ng5
Rhe8 15. Ne6 Rd5 16. Nxc5 Rxc5 17. Bd3 Ne5 18. Be2 Nf7 19. Be3 Rxf5 20. Rhg1
Rxf2 21. Bxf2 Rxe2+ 22. Kb3 Rxf2 23. Rxg7 Nd6 24. Re1 b5 25. Ree7 Nd5 26. Re5
Nc4 {Normal} 0-1

[Event "Rated Blitz game"]
[Site "?"]
[Date "2021.01.30"]
[Round "?"]
[White "Odirovski"]
[Black "tactinhos2900"]
[Result "0-1"]
[WhiteElo "2540"]
[BlackElo "2558"]
[PlyCount "58"]
[EventDate "2021.??.??"]
[EventType "blitz"]

1. e4 e5 2. Nf3 d5 3. exd5 e4 4. Ne5 Qxd5 5. Nc4 Nf6 6. Ne3 Qe5 7. Nc3 Bd6 8.
b3 O-O 9. Bb2 Nc6 10. Be2 Re8 11. a3 a6 12. Qb1 Qe7 13. Qa2 Be6 14. g4 Nd4 15.
Rg1 Bxh2 16. Rh1 Bf4 17. O-O-O a5 18. Rdg1 h6 19. Bd1 a4 20. Nf5 Nxf5 21. gxf5
axb3 22. cxb3 Bxf5 23. Rxg7+ Kxg7 24. b4 Kh7 25. Bb3 Bg6 26. Ne2 Be5 27. Ng3
Rad8 28. Rh4 Bxb2+ 29. Qxb2 Qe5 {Time forfeit} 0-1

[Event "Rated Blitz tournament DkSl8j2U"]
[Site "?"]
[Date "2021.01.30"]
[Round "?"]
[White "DrIvan2"]
[Black "Vladislav89"]
[Result "1-0"]
[WhiteElo "2274"]
[BlackElo "2433"]
[PlyCount "47"]
[EventDate "2021.??.??"]
[EventType "blitz"]

1. e4 e5 2. Nf3 d5 3. Nxe5 Bd6 4. d4 dxe4 5. Bf4 Nf6 6. Nd2 O-O 7. c3 Bf5 8.
Qb3 Nbd7 9. Bc4 Bg6 10. O-O-O Rb8 11. h4 b5 12. Be2 Qe7 13. Nc6 Qe8 14. Bxd6
cxd6 15. Nxb8 Qxb8 16. Qxb5 h5 17. Qxb8 Rxb8 18. Nc4 d5 19. Ne5 Rb6 20. Nxd7
Nxd7 21. g4 hxg4 22. Bxg4 Kf8 23. h5 Bh7 24. Bxd7 {Normal} 1-0

[Event "Rated Blitz game"]
[Site "?"]
[Date "2021.01.30"]
[Round "?"]
[White "kintoho"]
[Black "Fantastic_power06"]
[Result "0-1"]
[WhiteElo "2509"]
[BlackElo "2584"]
[PlyCount "40"]
[EventDate "2021.??.??"]
[EventType "blitz"]

1. e4 e5 2. Nf3 d5 3. d4 dxe4 4. Nxe5 Bd6 5. Nc4 Nc6 6. Nxd6+ Qxd6 7. c3 Nf6 8.
Be2 h5 9. O-O Ng4 10. g3 Qg6 11. h4 Bf5 12. Bf4 O-O-O 13. Qa4 Kb8 14. b4 Ne7
15. Na3 Nd5 16. Bxg4 Qxg4 17. Nb5 Nxf4 18. Qxa7+ Kc8 19. Qa8+ Kd7 20. Qxb7 Ne2+
{Normal} 0-1

[Event "Rated Blitz game"]
[Site "?"]
[Date "2021.01.30"]
[Round "?"]
[White "CildirtmayinLanBeni"]
[Black "PawnTheSilentHero"]
[Result "0-1"]
[WhiteElo "2522"]
[BlackElo "2419"]
[PlyCount "34"]
[EventDate "2021.??.??"]
[EventType "blitz"]

1. e4 e5 2. Nf3 d5 3. Nxe5 Bd6 4. d4 dxe4 5. Nc4 Be7 6. Nc3 Nf6 7. Bf4 O-O 8.
Qd2 Nc6 9. O-O-O a6 10. d5 Nb4 11. a3 b5 12. Ne5 Nh5 13. Be3 a5 14. axb4 axb4
15. Nb1 Bf6 16. Nc6 Ra2 17. Nxd8 Bxb2# {Normal} 0-1

[Event "Rated Blitz game"]
[Site "?"]
[Date "2021.01.30"]
[Round "?"]
[White "BernardGM"]
[Black "KamranShirazi"]
[Result "0-1"]
[WhiteElo "2448"]
[BlackElo "2473"]
[PlyCount "114"]
[EventDate "2021.??.??"]
[EventType "blitz"]

1. e4 e5 2. Nf3 d5 3. Nxe5 Bd6 4. d4 dxe4 5. Nc4 Nc6 6. Nc3 Bb4 7. Be3 f5 8. a3
Bxc3+ 9. bxc3 Nf6 10. Bg5 h6 11. Bxf6 Qxf6 12. Ne3 O-O 13. Bc4+ Kh8 14. Rb1 f4
15. Nd5 Qg5 16. g3 e3 17. O-O exf2+ 18. Rxf2 Bg4 19. Qd2 fxg3 20. Rxf8+ Rxf8
21. Qxg5 gxh2+ 22. Kxh2 hxg5 23. Rxb7 Na5 24. Rxc7 Nxc4 25. Rxc4 Be6 26. Rc5
Rf2+ 27. Kg3 Rxc2 28. Ne7 Kh7 29. d5 Bd7 30. Rc7 Ba4 31. d6 Rd2 32. Nf5 Kg6 33.
Nd4 Rd3+ 34. Kf2 Kf6 35. d7 Ke7 36. Rxa7 Bxd7 37. Nf5+ Kf6 38. Nd4 Ke7 39. Nf5+
Kd8 40. Nxg7 Rxc3 41. Nh5 g4 42. Nf6 Rf3+ 43. Kg2 Rxf6 44. a4 Rd6 45. a5 Rd3
46. Ra8+ Kc7 47. Rg8 Ra3 48. Rg5 Bc6+ 49. Kg1 Bd7 50. Rc5+ Kd6 51. Rg5 Bc6 52.
Kf2 Ra2+ 53. Kg3 Bd7 54. Rg6+ Kc7 55. Rg7 Rxa5 56. Rxd7+ Kxd7 57. Kxg4 Ke6 {
Normal} 0-1

[Event "Rated Blitz game"]
[Site "?"]
[Date "2021.01.30"]
[Round "?"]
[White "micfel"]
[Black "PawnTheSilentHero"]
[Result "1-0"]
[WhiteElo "2469"]
[BlackElo "2449"]
[PlyCount "95"]
[EventDate "2021.??.??"]
[EventType "blitz"]

1. e4 e5 2. Nf3 d5 3. Nxe5 Bd6 4. d4 dxe4 5. Nd2 Bxe5 6. dxe5 Bf5 7. Bc4 Qd4 8.
O-O Nc6 9. e6 fxe6 10. g4 e3 11. gxf5 exd2 12. Qh5+ g6 13. fxg6 O-O-O 14. Bxe6+
Kb8 15. Bxd2 Nf6 16. Qf3 Qxd2 17. Qxf6 hxg6 18. Rad1 Qh6 19. Rxd8+ Nxd8 20. h3
Rf8 21. Qe7 Nc6 22. Qc5 Re8 23. Bg4 Ne5 24. Qe3 Qxe3 25. fxe3 Nc4 26. Rf6 Nxb2
27. Rxg6 a5 28. Re6 Rh8 29. Kg2 Nc4 30. Kg3 b5 31. h4 b4 32. h5 Na3 33. Bf5
Rxh5 34. Kg4 Rh2 35. Re8+ Kb7 36. Be4+ Kb6 37. Re6+ Kc5 38. Rc6+ Kb5 39. Rxc7
Nc4 40. Bd3 Ka4 41. Bxc4 Ka3 42. Bb3 a4 43. Ra7 Kb2 44. Rxa4 Re2 45. Kf3 Re1
46. e4 Rd1 47. e5 Kc3 48. e6 {Time forfeit} 1-0

[Event "Rated Blitz tournament DkSl8j2U"]
[Site "?"]
[Date "2021.01.30"]
[Round "?"]
[White "gogotaniye"]
[Black "Vladislav89"]
[Result "0-1"]
[WhiteElo "2647"]
[BlackElo "2400"]
[PlyCount "76"]
[EventDate "2021.??.??"]
[EventType "blitz"]

1. e4 e5 2. Nf3 d5 3. exd5 e4 4. Qe2 Nf6 5. d3 Qxd5 6. Nbd2 Qe6 7. dxe4 Be7 8.
Nd4 Qd7 9. Nf5 O-O 10. Qd3 Qe6 11. Nxe7+ Qxe7 12. Be2 Nc6 13. c3 Be6 14. O-O
Ne5 15. Qg3 Ng6 16. f4 Qc5+ 17. Qf2 Qxf2+ 18. Rxf2 Bd7 19. e5 Nd5 20. Nc4 Bc6
21. Na5 Be8 22. Nxb7 Rb8 23. Nc5 Bc6 24. g3 f6 25. e6 Rfe8 26. h4 Nge7 27. f5
g6 28. g4 gxf5 29. gxf5 Kh8 30. Bh6 Rg8+ 31. Kh2 Rxb2 32. Rg1 Nxc3 33. Rxg8+
Nxg8 34. Nd7 Nxh6 35. Nxf6 Nxe2 36. e7 Kg7 37. e8=Q Bxe8 38. Nxe8+ Kf7 {Normal}
0-1

[Event "Rated Blitz game"]
[Site "?"]
[Date "2021.01.30"]
[Round "?"]
[White "Marb2020"]
[Black "Fantastic_power06"]
[Result "0-1"]
[WhiteElo "2468"]
[BlackElo "2584"]
[PlyCount "112"]
[EventDate "2021.??.??"]
[EventType "blitz"]

1. e4 e5 2. Nf3 d5 3. Nxe5 Bd6 4. d4 dxe4 5. Be2 Bxe5 6. dxe5 Qxd1+ 7. Bxd1 Nc6
8. Nc3 Bf5 9. Bf4 Nge7 10. g4 Be6 11. Nxe4 Ng6 12. Bg3 Bd5 13. f3 Ngxe5 14. O-O
Bxe4 15. fxe4 O-O-O 16. g5 Rhe8 17. Rf2 Re7 18. Be2 Nd4 19. Bd1 Ng6 20. c3 Ne6
21. Bg4 Kb8 22. h4 Nc5 23. Bf5 Nxe4 24. Bxe4 Rxe4 25. Rxf7 Rg4 26. Kh2 Rd3 27.
Re1 b6 28. Bxc7+ Kb7 29. Bb8+ Kc6 30. Rc7+ Kb5 31. a4+ Kxa4 32. Ra1+ Kb3 33.
Rcxa7 Nxh4 34. R7a3+ Kc2 35. c4 Nf3+ 36. Kh3 Ne5+ 37. Rxd3 Kxd3 38. Bxe5 Re4
39. Bg3 Kxc4 40. Kg2 Re2+ 41. Kf3 Rxb2 42. Rc1+ Kd5 43. Rc7 Rb3+ 44. Kg2 h6 45.
Kh3 hxg5 46. Rxg7 g4+ 47. Rxg4 Rb4 48. Rg5+ Kc6 49. Rg4 Rb1 50. Rg6+ Kd7 51.
Rg7+ Ke6 52. Kg4 Kf6 53. Kh5 Kxg7 54. Be5+ Kg8 55. Kg4 b5 56. Kf3 b4 {Time
forfeit} 0-1

[Event "Rated Blitz game"]
[Site "?"]
[Date "2021.01.30"]
[Round "?"]
[White "athena-pallada"]
[Black "Polyclinical"]
[Result "0-1"]
[WhiteElo "2868"]
[BlackElo "2783"]
[PlyCount "176"]
[EventDate "2021.??.??"]
[EventType "blitz"]

1. e4 e5 2. Nf3 d5 3. d3 dxe4 4. dxe4 Qxd1+ 5. Kxd1 Bd6 6. Be3 Nf6 7. Nbd2 Ng4
8. Nc4 Nxe3+ 9. Nxe3 O-O 10. Bc4 Nd7 11. Ke2 Nc5 12. Nd2 c6 13. Rhd1 b5 14. Bb3
Ba6 15. Ke1 Rfd8 16. f3 h5 17. a4 bxa4 18. Bxa4 Nxa4 19. Rxa4 Bb5 20. Ra2 Bc5
21. Ndf1 Rd4 22. c3 Rxd1+ 23. Kxd1 Bd3 24. b4 Bb6 25. Rd2 Rd8 26. Ke1 a5 27.
bxa5 Bxa5 28. Nd1 Kf8 29. Ng3 g6 30. Ne2 Ke7 31. Nc1 Bc4 32. Rxd8 Kxd8 33. Kd2
Bb6 34. Ne3 Ba6 35. Nd3 f6 36. Nb4 Bb7 37. Nd3 Ke7 38. c4 Bd4 39. Nc2 Bg1 40.
h3 Ba6 41. Nb2 Kd6 42. Nb4 Bc8 43. N2d3 Be6 44. Kc3 Bd4+ 45. Kb3 f5 46. Nc2 Ba7
47. Kb4 Bf7 48. c5+ Ke6 49. Ne3 Bb8 50. Nc4 Bc7 51. Na5 Kd7 52. Nc4 Ke6 53. Na5
Be8 54. Nb7 fxe4 55. fxe4 g5 56. Na5 Kd7 57. Nc4 Ke6 58. Nd2 g4 59. hxg4 hxg4
60. Nf2 Bh5 61. Nf1 Bd8 62. Ng3 Bh4 63. Nxh5 Bxf2 64. Ng7+ Kf6 65. Nf5 Kg5 66.
Ne7 Kf4 67. Nxc6 Kxe4 68. Kc4 g3 69. Nb4 Bd4 70. c6 Bb6 71. Nd5 Bd8 72. Kc5 Kd3
73. Kd6 e4 74. Kd7 Ba5 75. c7 Bxc7 76. Kxc7 e3 77. Kd6 e2 78. Nf4+ Kd2 79. Nxe2
Kxe2 80. Ke5 Kf2 81. Kf4 Kxg2 82. Ke4 Kh2 83. Ke5 g2 84. Ke6 g1=Q 85. Ke7 Qg2
86. Kd8 Qf2 87. Ke8 Kg3 88. Ke7 Qd4 {Time forfeit} 0-1

[Event "Rated Blitz game"]
[Site "?"]
[Date "2021.01.30"]
[Round "?"]
[White "vasek8804"]
[Black "Fantastic_power06"]
[Result "0-1"]
[WhiteElo "2435"]
[BlackElo "2588"]
[PlyCount "94"]
[EventDate "2021.??.??"]
[EventType "blitz"]

1. e4 e5 2. Nf3 d5 3. exd5 e4 4. Qe2 Nf6 5. d3 Qxd5 6. Nbd2 Nc6 7. Nxe4 Be6 8.
Nxf6+ gxf6 9. Qe4 Qh5 10. Be3 O-O-O 11. Qa4 Nb4 12. c4 a6 13. O-O-O f5 14. Bd4
Rxd4 15. Nxd4 Bh6+ 16. Kb1 Bd7 17. Be2 Bxa4 18. Bxh5 Bxd1 19. Rxd1 f4 20. Nf5
Bg5 21. Bxf7 Rf8 22. Be6+ Kb8 23. h4 Bf6 24. d4 Nc6 25. g4 fxg3 26. fxg3 Bh8
27. g4 Rf6 28. Bd5 Nd8 29. Be4 Rf8 30. g5 Re8 31. Bc2 Rf8 32. h5 Ne6 33. g6
hxg6 34. hxg6 Rg8 35. Ne7 Rg7 36. Re1 Nxd4 37. Nf5 Nxc2 38. Re8+ Ka7 39. Nxg7
Na3+ 40. bxa3 Bxg7 41. Re7 Bd4 42. Rf7 Bg7 43. Rxg7 c6 44. Rf7 Kb6 45. g7 Ka5
46. g8=Q b6 47. Qf8 c5 {Time forfeit} 0-1

[Event "Rated Blitz tournament DkSl8j2U"]
[Site "?"]
[Date "2021.01.30"]
[Round "?"]
[White "Dionysius_59"]
[Black "Vladislav89"]
[Result "1-0"]
[WhiteElo "2268"]
[BlackElo "2407"]
[PlyCount "135"]
[EventDate "2021.??.??"]
[EventType "blitz"]

1. e4 e5 2. Nf3 d5 3. exd5 e4 4. Qe2 Bd6 5. Qxe4+ Ne7 6. d4 Bf5 7. Qe2 O-O 8.
Be3 Ng6 9. Nc3 Re8 10. O-O-O Nd7 11. Qd2 Nb6 12. Bd3 Bxd3 13. Qxd3 Bf8 14. h4
Nxd5 15. Nxd5 Qxd5 16. c4 Qa5 17. a3 Rad8 18. Bd2 Qa4 19. Bc3 b5 20. cxb5 Nf4
21. Qc2 Ne2+ 22. Kb1 Nxc3+ 23. Qxc3 Qxb5 24. Ng5 h6 25. Rh3 Qf5+ 26. Ka1 Re2
27. Qxc7 Rd7 28. Qc1 hxg5 29. hxg5 Bxa3 30. bxa3 Qd5 31. Qb1 Qa5 32. Rdh1 Qc3+
33. Rxc3 Rd8 34. Qh7+ Kf8 35. Qh8+ Ke7 36. Qxg7 Re6 37. Rhh3 Rd7 38. Rhe3 Kd6
39. Rxe6+ fxe6 40. Qxd7+ Kxd7 41. Rb3 e5 42. Rb4 e4 43. Rb3 a5 44. Re3 Kd6 45.
Rxe4 Kd5 46. Re5+ Kc4 47. Rxa5 Kb3 48. Ra4 Kxa4 49. d5 Kb5 50. g6 Kc5 51. g7
Kd6 52. g8=Q Kc5 53. Qg7 Kc4 54. Qf6 Kc5 55. f3 Kc4 56. g3 Kd3 57. g4 Ke2 58.
g5 Kf2 59. g6 Ke2 60. g7 Kf2 61. Qf7 Ke2 62. g8=Q Kf2 63. f4 Ke2 64. f5 Kf3 65.
Qfe8 Kf4 66. f6 Kf5 67. f7 Kf4 68. f8=Q# {Normal} 1-0

[Event "Rated Blitz game"]
[Site "?"]
[Date "2021.01.30"]
[Round "?"]
[White "morischwilli"]
[Black "DarthZannah"]
[Result "1-0"]
[WhiteElo "2536"]
[BlackElo "2491"]
[PlyCount "97"]
[EventDate "2021.??.??"]
[EventType "blitz"]

1. e4 e5 2. Nf3 d5 3. exd5 e4 4. Qe2 Nf6 5. Nc3 Be7 6. Nxe4 O-O 7. d3 Qxd5 8.
Bd2 Nc6 9. Nc3 Qh5 10. O-O-O Bg4 11. h3 Rfe8 12. hxg4 Qxh1 13. g5 Nd7 14. Ne4
Qh5 15. g3 Nde5 16. Bg2 Nxf3 17. Bxf3 Qg6 18. Bh5 Nd4 19. Qg4 Qe6 20. Qxe6 Nxe6
21. f4 Rad8 22. Be3 Bf8 23. Bf2 b6 24. c3 c5 25. f5 Nc7 26. f6 c4 27. Bf3 Rxd3
28. Rxd3 cxd3 29. Kd2 Rd8 30. Bd4 Ne6 31. Kxd3 Bc5 32. fxg7 Bxd4 33. cxd4 Nxd4
34. Bg4 Kxg7 35. Kc4 Ne6 36. Bf5 Rd4+ 37. Kc3 Rd5 38. g4 Rd8 39. b4 Nf4 40. Kc4
Nd5 41. Kb5 a6+ 42. Kxa6 Nxb4+ 43. Kxb6 Nxa2 44. Kc7 Rd4 45. Nf6 Nc3 46. Nh5+
Kh8 47. Nf6 Nd5+ 48. Kc6 Ne7+ 49. Kc5 {Time forfeit} 1-0

[Event "Rated Blitz game"]
[Site "?"]
[Date "2021.01.30"]
[Round "?"]
[White "AgustiNum0"]
[Black "ahoramahora"]
[Result "1-0"]
[WhiteElo "2441"]
[BlackElo "2262"]
[PlyCount "65"]
[EventDate "2021.??.??"]
[EventType "blitz"]

1. e4 e5 2. Nf3 d5 3. Nxe5 Bd6 4. d4 dxe4 5. Bc4 Bxe5 6. Qh5 Qe7 7. Qxe5 Nc6 8.
Bb5 Bd7 9. Bxc6 Bxc6 10. Bf4 Qxe5 11. Bxe5 Nf6 12. Bxf6 gxf6 13. Nd2 O-O-O 14.
c3 f5 15. O-O-O f4 16. Rhe1 f5 17. g3 f3 18. Nc4 h5 19. Ne5 Bd5 20. Ng6 Rh6 21.
Ne7+ Kb8 22. Nxf5 Rf6 23. Nh4 Bxa2 24. Rxe4 Bb3 25. Rde1 Ra6 26. Kd2 Ra2 27.
Rb1 c5 28. Nxf3 b5 29. Re5 cxd4 30. Nxd4 a6 31. Rxh5 b4 32. Ke3 bxc3 33. bxc3 {
Normal} 1-0

[Event "Rated Blitz game"]
[Site "?"]
[Date "2021.01.30"]
[Round "?"]
[White "battle_tour"]
[Black "KamranShirazi"]
[Result "1-0"]
[WhiteElo "2445"]
[BlackElo "2490"]
[PlyCount "59"]
[EventDate "2021.??.??"]
[EventType "blitz"]

1. e4 e5 2. Nf3 d5 3. d4 dxe4 4. Nxe5 Nd7 5. Nc4 Nb6 6. Nc3 Be6 7. Nxb6 axb6 8.
d5 Bf5 9. Bb5+ Bd7 10. Bxd7+ Qxd7 11. Nxe4 Nf6 12. Nxf6+ gxf6 13. O-O O-O-O 14.
c4 Rg8 15. Qf3 Bd6 16. a4 Kb8 17. a5 b5 18. b3 Rg4 19. Be3 Rdg8 20. g3 f5 21.
c5 Be5 22. c6 bxc6 23. dxc6 Qe6 24. Rae1 Qf6 25. Qd5 f4 26. Qxb5+ Kc8 27. Qb7+
Kd8 28. Bc5 Qf5 29. Rxe5 Qxe5 30. Qb8# {Normal} 1-0

[Event "Rated Blitz game"]
[Site "?"]
[Date "2021.01.30"]
[Round "?"]
[White "Machinegunusa"]
[Black "PawnTheSilentHero"]
[Result "0-1"]
[WhiteElo "2516"]
[BlackElo "2431"]
[PlyCount "128"]
[EventDate "2021.??.??"]
[EventType "blitz"]

1. e4 e5 2. Nf3 d5 3. d4 dxe4 4. Nxe5 Bd6 5. Qh5 Qe7 6. Bc4 Bxe5 7. dxe5 Nc6 8.
Bf4 Be6 9. Bxe6 Qxe6 10. Nc3 g6 11. Qe2 O-O-O 12. Qxe4 Rd4 13. Qe3 Nge7 14. Bg3
Nf5 15. Qe2 Nxg3 16. hxg3 Qxe5 17. Qxe5 Nxe5 18. Nb5 Rb4 19. a4 Rxb2 20. O-O-O
Rb4 21. Nxa7+ Kb8 22. Rd5 Rxa4 23. Rxe5 Ra1+ 24. Kb2 Rxh1 25. Nb5 Rg1 26. Re7
f5 27. Nxc7 Rxg2 28. Ne6 Rxf2 29. Nc5 Rf3 30. Rxb7+ Ka8 31. Rg7 Rxg3 32. Ne6 h5
33. c4 h4 34. Nc7+ Kb7 35. Nd5+ Kc6 36. Ne7+ Kc5 37. Nxg6 h3 38. Rc7+ Kb6 39.
Rg7 h2 40. c5+ Kb5 41. c6 h1=Q 42. Nxh8 Rxg7 43. c7 Qh3 44. c8=Q Rg2+ 45. Qc2
Rxc2+ 46. Kxc2 Qxh8 47. Kd3 Qe8 48. Kd4 f4 49. Kd5 f3 50. Kd6 f2 51. Kd5 f1=Q
52. Kd4 Qd1+ 53. Kc3 Qc8+ 54. Kb2 Qc3+ 55. Kxc3 Kc5 56. Kb2 Qd4+ 57. Kb3 Qd3+
58. Ka4 Kc4 59. Ka5 Qb1 60. Ka6 Kc5 61. Ka7 Qb6+ 62. Ka8 Qb5 63. Ka7 Kc6 64.
Ka8 Qb7# {Normal} 0-1

[Event "Rated Blitz game"]
[Site "?"]
[Date "2021.01.30"]
[Round "?"]
[White "TRendle"]
[Black "Grimlock_Glasgow"]
[Result "1-0"]
[WhiteElo "2640"]
[BlackElo "2542"]
[PlyCount "69"]
[EventDate "2021.??.??"]
[EventType "blitz"]

1. e4 e5 2. Nf3 d5 3. exd5 Bd6 4. d4 e4 5. Nfd2 Nf6 6. c4 O-O 7. Nc3 Bb4 8. Be2
Re8 9. O-O Bxc3 10. bxc3 b5 11. Re1 bxc4 12. Bxc4 Bb7 13. Bb5 c6 14. dxc6 Nxc6
15. Rb1 Nd5 16. Nxe4 Rxe4 17. Rxe4 Nxc3 18. Qd3 Nxb1 19. Qxb1 Nxd4 20. Re8+
Qxe8 21. Bxe8 Rxe8 22. Be3 Be4 23. Qd1 Nf5 24. Qa4 Rd8 25. Bxa7 Bc6 26. Qb3 h5
27. h3 g6 28. Be3 Bd5 29. Qc3 Bxa2 30. Bg5 Re8 31. g4 hxg4 32. hxg4 Ng7 33. Bf6
Ne6 34. Qh3 Ng7 35. Qh6 {Normal} 1-0

[Event "Rated Blitz game"]
[Site "?"]
[Date "2021.01.30"]
[Round "?"]
[White "drawingchest"]
[Black "Fantastic_power06"]
[Result "0-1"]
[WhiteElo "2547"]
[BlackElo "2599"]
[PlyCount "92"]
[EventDate "2021.??.??"]
[EventType "blitz"]

1. e4 e5 2. Nf3 d5 3. d4 dxe4 4. Nxe5 Bd6 5. Nc4 Nc6 6. Nc3 Bb4 7. d5 Nce7 8.
Ne3 Nf6 9. Bc4 O-O 10. O-O Bxc3 11. bxc3 a6 12. a4 b6 13. Bb3 Bb7 14. c4 Ng6
15. Ba3 Re8 16. c5 Nf4 17. c6 Bc8 18. d6 cxd6 19. Qxd6 Qxd6 20. Bxd6 Ne2+ 21.
Kh1 Be6 22. c7 Nd4 23. Rab1 Bxb3 24. cxb3 Rac8 25. Rfc1 Re6 26. Nc4 Nd7 27. a5
bxa5 28. Bg3 Ne2 29. Nd6 Rxd6 30. Bxd6 Nxc1 31. Rxc1 f5 32. Rc6 Kf7 33. Rxa6
Ke6 34. g4 fxg4 35. Kg2 h5 36. Kg3 g5 37. Bf4+ Kf7 38. Bxg5 Rxc7 39. Rxa5 Rb7
40. Be3 Kg6 41. Rg5+ Kf7 42. Rxh5 Nf6 43. Rf5 Rxb3 44. Kh4 Kg6 45. Rg5+ Kf7 46.
Bd4 Rh3# {Normal} 0-1

[Event "Rated Blitz game"]
[Site "?"]
[Date "2021.01.30"]
[Round "?"]
[White "ljdr"]
[Black "Fantastic_power06"]
[Result "0-1"]
[WhiteElo "2475"]
[BlackElo "2609"]
[PlyCount "42"]
[EventDate "2021.??.??"]
[EventType "blitz"]

1. e4 e5 2. Nf3 d5 3. exd5 e4 4. Qe2 Nf6 5. d3 Qxd5 6. Nbd2 Nc6 7. dxe4 Qc5 8.
Qb5 Ng4 9. Qxc5 Bxc5 10. Bb5 Bxf2+ 11. Ke2 Bb6 12. h3 Ne3 13. Ne5 O-O 14. Nxc6
bxc6 15. Bxc6 Ba6+ 16. c4 Rad8 17. b3 Nc2 18. Bb2 Nxa1 19. Bxa1 Rd6 20. Bd5 c6
21. e5 Rxd5 {Normal} 0-1

[Event "Rated Blitz game"]
[Site "?"]
[Date "2021.01.30"]
[Round "?"]
[White "slave-trajkoski"]
[Black "PawnTheSilentHero"]
[Result "0-1"]
[WhiteElo "2360"]
[BlackElo "2419"]
[PlyCount "46"]
[EventDate "2021.??.??"]
[EventType "blitz"]

1. e4 e5 2. Nf3 d5 3. d4 dxe4 4. Nxe5 Bd6 5. f4 exf3 6. Nxf3 Nf6 7. Bc4 O-O 8.
O-O Bg4 9. Bg5 Nbd7 10. Nbd2 h6 11. Bh4 c6 12. h3 Bh5 13. g4 Bg6 14. g5 hxg5
15. Nxg5 Nd5 16. Qf3 Be7 17. Bxd5 Bxg5 18. Bxg5 Qxg5+ 19. Qg2 Qxd5 20. Nf3 Nf6
21. c3 Rfe8 22. b3 Re3 23. Qf2 Rxc3 {Normal} 0-1

[Event "Rated Blitz game"]
[Site "?"]
[Date "2021.01.30"]
[Round "?"]
[White "Rejans"]
[Black "GrandeGila"]
[Result "0-1"]
[WhiteElo "2436"]
[BlackElo "2356"]
[PlyCount "136"]
[EventDate "2021.??.??"]
[EventType "blitz"]

1. e4 e5 2. Nf3 d5 3. d4 dxe4 4. Nxe5 Bd6 5. Nc4 Nc6 6. Be2 Nxd4 7. Be3 Nf5 8.
Nbd2 Nxe3 9. Nxe3 Nf6 10. c3 O-O 11. Qc2 Re8 12. O-O-O Qe7 13. Ndc4 Bc5 14. g4
Bxe3+ 15. Nxe3 c6 16. g5 Nd7 17. h4 Nc5 18. Rd4 Be6 19. Kb1 Rad8 20. Rhd1 Bc8
21. b4 Ne6 22. Rxe4 a5 23. a3 axb4 24. axb4 Rxd1+ 25. Bxd1 Qc7 26. f4 Rd8 27.
f5 Nf4 28. Bg4 Nd5 29. Nxd5 cxd5 30. Rd4 Qe5 31. Qd2 Bxf5+ 32. Bxf5 Qxf5+ 33.
Kb2 b5 34. Qf4 Qe6 35. Rd2 Ra8 36. Qf3 Rd8 37. Re2 Qc6 38. Re7 Rf8 39. Re5 Rd8
40. Re7 Qg6 41. Qxd5 Rf8 42. Qe4 Qb6 43. h5 h6 44. g6 fxg6 45. hxg6 Rf2+ 46.
Kb3 Rf8 47. Qd5+ Kh8 48. Qe5 Rg8 49. Qf5 Qc6 50. Qf7 Qa8 51. Re2 Qc6 52. Rh2
Qc4+ 53. Qxc4 bxc4+ 54. Kxc4 Rc8+ 55. Kb3 Kg8 56. c4 Kf8 57. b5 Ke7 58. Rd2 Kf6
59. Kb4 Kxg6 60. b6 Rd8 61. c5 Rxd2 62. c6 Rc2 63. c7 Kf6 64. b7 Rxc7 65. b8=Q
Re7 66. Qd8 Kf7 67. Kc5 Re6 68. Qd5 Kf6 {Time forfeit} 0-1

[Event "Rated Rapid game"]
[Site "?"]
[Date "2021.01.30"]
[Round "?"]
[White "emil14"]
[Black "sokant2005"]
[Result "0-1"]
[WhiteElo "2327"]
[BlackElo "2416"]
[PlyCount "24"]
[EventDate "2021.??.??"]
[EventType "rapid"]

1. e4 e5 2. Nf3 d5 3. Ba6 Nxa6 4. exd5 e4 5. Ng5 Qxg5 6. d4 Qxg2 7. Ke2 Bg4+ 8.
Ke3 g6 9. c4 Bh6+ 10. f4 exf3+ 11. Ke4 f2+ 12. Ke5 f6# {Normal} 0-1

[Event "Rated Blitz game"]
[Site "?"]
[Date "2021.01.30"]
[Round "?"]
[White "Nmayorga92"]
[Black "tactinhos2900"]
[Result "0-1"]
[WhiteElo "2390"]
[BlackElo "2535"]
[PlyCount "134"]
[EventDate "2021.??.??"]
[EventType "blitz"]

1. e4 e5 2. Nf3 d5 3. exd5 e4 4. Qe2 Be7 5. Qxe4 Nf6 6. Bb5+ c6 7. dxc6 bxc6 8.
Bxc6+ Nxc6 9. Qxc6+ Bd7 10. Qa6 Rb8 11. O-O Bb5 12. Qxa7 Bxf1 13. Kxf1 O-O 14.
d4 Nd5 15. c4 Nb4 16. Nc3 Nc6 17. Qa4 Nxd4 18. Nxd4 Qxd4 19. Qc2 Qxc4+ 20. Qe2
Rfc8 21. Qxc4 Rxc4 22. a4 Bf6 23. a5 Bxc3 24. bxc3 Rxc3 25. a6 Ra8 26. a7 f5
27. Be3 Rc7 28. g3 Kf7 29. Kg2 g5 30. Kf3 Kg6 31. Ra6+ Kh5 32. h3 Rf7 33. Kg2
Rg7 34. f3 Rg6 35. g4+ fxg4 36. hxg4+ Kh6 37. Ra5 Kg7 38. Bd4+ Kf7 39. Rb5 Re6
40. Rb7+ Re7 41. Rb5 h6 42. Ra5 Ke6 43. Kg3 Kd7 44. Ra6 Rh7 45. Rg6 Kc7 46. Rf6
Kb7 47. f4 Rd8 48. Bf2 Rd3+ 49. Kg2 gxf4 50. Rxf4 Ra3 51. Rf8 Rg7 52. Rb8+ Kc6
53. a8=Q+ Rxa8 54. Rxa8 Rxg4+ 55. Kf3 Rg6 56. Be3 Kd7 57. Bf4 Rf6 58. Ra7+ Ke8
59. Rh7 Ra6 60. Rxh6 Ra2 61. Kg4 Kf7 62. Kf5 Rf2 63. Rh7+ Kg8 64. Ra7 Rf1 65.
Kg5 Rg1+ 66. Kf6 Rf1 67. Kf5 Kf8 {Time forfeit} 0-1

[Event "Rated Blitz game"]
[Site "?"]
[Date "2021.01.30"]
[Round "?"]
[White "kahvitauko"]
[Black "PawnTheSilentHero"]
[Result "1-0"]
[WhiteElo "2435"]
[BlackElo "2436"]
[PlyCount "91"]
[EventDate "2021.??.??"]
[EventType "blitz"]

1. e4 e5 2. Nf3 d5 3. exd5 Bd6 4. Nc3 Nf6 5. Bb5+ c6 6. dxc6 O-O 7. d3 Nxc6 8.
Bxc6 bxc6 9. Ne4 Nxe4 10. dxe4 f5 11. Bg5 Qc7 12. Qe2 fxe4 13. Qxe4 Bf5 14.
Qc4+ Kh8 15. O-O-O e4 16. Nd4 Bf4+ 17. Bxf4 Qxf4+ 18. Kb1 Qxf2 19. Rhf1 Qxg2
20. Rxf5 Qg4 21. Rxf8+ Rxf8 22. Rf1 Rxf1+ 23. Qxf1 h6 24. Qf8+ Kh7 25. Qf5+
Qxf5 26. Nxf5 Kg6 27. Ne3 Kg5 28. Kc1 Kf4 29. Kd2 Kf3 30. b4 Kf2 31. c4 g5 32.
b5 cxb5 33. cxb5 h5 34. a4 g4 35. a5 Kf3 36. b6 axb6 37. axb6 h4 38. b7 g3 39.
hxg3 h3 40. b8=Q h2 41. Qh8 Kxg3 42. Nf1+ Kf3 43. Nxh2+ Kg2 44. Ng4 e3+ 45.
Nxe3+ Kf3 46. Qf6+ {Normal} 1-0